000 00597nam a2200193Ia 4500
005 20250507130256.0
008 008 250505s9999 xx 000 0 eng d
037 _aSeries Article
040 _aEASL
_beng
_cEASL
041 _aeng
_2eng
084 _qEASL
100 _aAgarwal Purushottam
245 0 _aAkath kahani prem ki:kabir ki kavita aur unka samay(love is an unspoken tale):kabir's poetry and his times)
260 _aUK
_bCambridge Cambridge University Press UK
_c2013
300 _a289-318
650 _aAsian Studies
942 _cSRA
999 _c1318722
_d1318722